Deutsche Raumfahrer - Statistiken

Allgemein
  • Dieses Quiz wurde 22 mal gespielt
    7 seit der letzten Aktualisierung
  • Das Durchschnittsergebnis liegt bei 4 aus 13
Antwortstatistiken
Jahr des Erstflugs Name % Korrekt
2014 Alexander Gerst
100%
2021 Matthias Maurer
100%
1978 Sigmund Jähn
67%
1995 Thomas Reiter
67%
1985 Ernst Messerschmid
33%
1983 Ulf Merbold
33%
1993 Ulrich Walter
33%
2000 Gerhard Thiele
0%
1993 Hans Schlegel
0%
1992 Klaus-Dietrich Flade
0%
2025 Rabea Rogge
0%
1985 Reinhard Furrer
0%
1997 Reinhold Ewald
0%
Keine übereinstimmenden Quizze gefunden
Verteilung der Resultate
Anzahl Personen mit jedem Resultat
Perzentil nach korrekt beantworteten Fragen
Ihre Resultats-Entwicklung
Sie haben dieses Quiz seit der letzten Aktualisierung nicht gespielt